| 000 | 01512nam a2200265Ia 4500 | ||
|---|---|---|---|
| 003 | Ost | ||
| 005 | 20260507075145.0 | ||
| 008 | 260507s9999||||xx |||||||||||||| ||und|| | ||
| 020 | _a62460699579 | ||
| 040 | _cfsecg | ||
| 041 | _aara | ||
| 082 | _a330 | ||
| 100 |
_aموسى، شقيري نوري _eمؤلف |
||
| 245 | 0 |
_aالمؤسسات المالية المحلية و الدولية / _c شقيري نوري موسى |
|
| 260 |
_aعمان: _bدار المسيرة للنشر والتوزيع, _c2009 |
||
| 300 |
_a399 صفحة؛ _c25 سم |
||
| 504 | _aالمراجع ص.397؛ الملاحق ص.355 | ||
| 520 | _aأهمية النظام المالي ودور مؤسساته- البنوك المركزية- البنوك التجارية- البنوك المتخصصة- بنك الإنماء الصناعي- بنك الإستثمار- مؤسسات وشركات التأمين- مؤسسة الضمان الإجتماعي- صناديق التقاعد والإدخار الوظيفي- صناديق التوفير البريدي والإدخاري- صناديق الإستثمار- المؤسسات المالية الدولية- الشركات المالية التعددة الجنسيات- البنك الدولي | ||
| 653 | _aالأسواق المالية | ||
| 653 | _aالبنوك المركزية | ||
| 653 | _aالتحليل المالي | ||
| 653 | _aالمؤسسات المالية | ||
| 700 |
_aنور، محمود ابراهيم وآخرون _eمؤلف ثانوي |
||
| 942 | _cكتاب | ||
| 999 |
_c43316 _d43316 |
||